000 00460nam a22001577a 4500
005 20251108171818.0
008 250721s2003 xx 000 0 ara d
082 1 4 _a342/شطن
100 1 _aشطناوي، فيصل
245 1 0 _aالنظم السياسية و القانون الدستوري /
264 1 _aعمان :
_bدار الحامد،
_c2003.
300 _a364ص
650 1 7 _aالقانون الدستوري
942 _2ddc
_cBK
999 _c63205
_d63205